LEADER 01156nam0-2200337---450- 001 990009594670403321 005 20120625135724.0 010 $a978-88-568-3487-1 035 $a000959467 035 $aFED01000959467 035 $a(Aleph)000959467FED01 035 $a000959467 100 $a20120621d2011----km-y0itay50------ba 101 0 $aita 102 $aIT 105 $aa-------001yy 200 1 $a<>formazione per lo sviluppo locale$ela valorizzazione del capitale umano nel settore turistico-alberghiero$fFilippo Ferrari 210 $aMilano$cFrancoAngeli$d2011 215 $a123 p.$cill.$d23 cm 225 1 $aAIF, Associazione italiana formatori$hSez. II$iMetodi strumenti e buone pratiche$v22 300 $aIn copertina: AIF, Associazione italiana formatori 610 0 $aAziende turistiche$aPersonale$aIstruzione professionale 676 $a338.479107155$v22$zita 700 1$aFerrari,$bFilippo$0329338 801 0$aIT$bUNINA$gREICAT$2UNIMARC 901 $aBK 912 $a990009594670403321 952 $aCollez. 2296 (22)$b46708$fFSPBC 959 $aFSPBC 996 $aFormazione per lo sviluppo locale$9844888 997 $aUNINA LEADER 01171nam0 2200289 i 450 001 SUN0061670 005 20071018120000.0 010 $a88-428-1163-7 100 $a20071018d2004 |0itac50 ba 101 $aita 102 $aIT 105 $a|||| ||||| 200 1 $aMuseo$estoria di un'idea$edalla Rivoluzione francese a oggi$fKarsten Schubert$gtraduzione di Maria Gregorio 210 $aMilano$cIl saggiatore$d[2004] 215 $a222 p.$d22 cm. 410 1$1001SUN0061669$12001 $aBiblioteca$v2$1210 $aMilano$cIl saggiatore. 606 $aMusei$xStoria$2FI$3SUNC022401 620 $dMilano$3SUNL000284 700 1$aSchubert$b, Karsten$3SUNV048705$0302055 702 1$aGregorio$b, Maria$3SUNV001194 712 $aIl saggiatore$3SUNV000241$4650 801 $aIT$bSOL$c20181109$gRICA 912 $aSUN0061670 950 $aUFFICIO DI BIBLIOTECA DEL DIPARTIMENTO DI LETTERE E BENI CULTURALI$d07 CONS Ha 2059 $e07 17922 995 $aUFFICIO DI BIBLIOTECA DEL DIPARTIMENTO DI LETTERE E BENI CULTURALI$bIT-CE0103$h17922$kCONS Ha 2059$oc$qa 996 $aMuseo$91415521 997 $aUNICAMPANIA LEADER 01432nam 2200361Ia 450 001 996388406703316 005 20221108005812.0 035 $a(CKB)1000000000634728 035 $a(EEBO)2248560742 035 $a(OCoLC)9920463700971 035 $a(EXLCZ)991000000000634728 100 $a19950918d1605 uy | 101 0 $aeng 135 $aurbn||||a|bb| 200 10$aBy the King$b[electronic resource] $ewhereas Thomas Percy gentleman, and some other his confederates ... haue beene discovered to haue contrived the most horrible treason .. 210 $aImprinted at London $cBy Robert Barker, Printer to the Kings most Excellent Maiestie$dAnno Dom. 1605 215 $a2 leaves 300 $aSheet 1 line 7 of tesxt has "clergie"; sheet 2, line 7 ends "their". 300 $aList of names of eight conspirators at end. 300 $a"Giuen at our Pallace of Westminster, the seuenth day of Nouember in the third yeere of our Reigne of Great Britaine, France, and Ireland. 300 $aReproduction of original in: Society of Antiquaries. 330 $aeebo-0147 606 $aGunpowder Plot, 1605 607 $aGreat Britain$xHistory$yJames I, 1603-1625 615 0$aGunpowder Plot, 1605. 701 $aJames$cKing of England,$f1566-1625.$01001019 801 0$bEBK 801 1$bEBK 801 2$bWaOLN 906 $aBOOK 912 $a996388406703316 996 $aBy the King$92299281 997 $aUNISA